000 00466nmm a2200157Ia 4500
008 251105s9999||||xx |||||||||||||||||und||
020 _a9781558853683
041 _aeng
100 _aIslas, Arturo
245 0 _aArturo Islas : the uncollected works
264 _a[Washington, Estados Unidos] :
_bArte Público Press,
_c2003
300 _a246 páginas
650 _aLatin American poetry
856 _uhttps://public.digitaliapublishing.com/a/21479
942 _cCF
999 _c74741
_d74741